| 000 | 00000nam##2200000za#4500 |
| 001 | 9.699091 |
| 003 | CaOODSP |
| 005 | 20241203113638 |
| 007 | cr ||||||||||| |
| 008 | 150407|2003||||xxc|||||o f|0| 0 eng|d |
| 040 | |aCaOODSP|beng |
| 043 | |an-cn--- |
| 086 | 1 |aEn14-170/2003E-PDF |
| 110 | 1 |aCanada. |bEnvironment Canada. |
| 245 | 10|aLow sulphur fuels procurement fact sheet / |h[electronic resource]|c[by] Oil, Gas and Energy Branch. |
| 260 | |aGatineau - Quebec : |bEnvironment Canada |cc2003. |
| 300 | |a3p. |
| 590 | |a14-08-Supp|b2014-04-10 |
| 690 | 07|aFuels|2gcpds |
| 690 | 07|aPollution control|2gcpds |
| 775 | 08|tApprovisionnement en carburants à faible teneur en soufre - fiche signalétique / |w(CaOODSP)9.643071 |
| 856 | 40|ahttp://publications.gc.ca|qPDF|s251 KB|uhttps://publications.gc.ca/collections/collection_2014/ec/En14-170-2003-eng.pdf |